Fontainebleau (Record no. 6000)
[ view plain ]
| 000 -CABECERA | |
|---|---|
| campo de control de longitud fija | 00642nam a2200229 a 4500 |
| 001 - NÚMERO DE CONTROL | |
| campo de control | BRCA_6314 |
| 005 - FECHA Y HORA DE LA ÚLTIMA TRANSACCIÓN | |
| campo de control | 20190320205417.0 |
| 008 - DATOS DE LONGITUD FIJA--INFORMACIÓN GENERAL | |
| campo de control de longitud fija | 080811s1956----fr-ao#####---#000-0#fre-# |
| 041 ## - CÓDIGO DE LENGUA | |
| Código de lengua del texto/banda sonora o título independiente | fre |
| 044 ## - CÓDIGO DEL PAÍS DE LA ENTIDAD EDITORA/PRODUCTORA | |
| Código MARC del país | fr |
| 050 #4 - SIGNATURA TOPOGRÁFICA DE LA BIBLIOTECA DEL CONGRESO | |
| Número de clasificación | DC801 |
| Número de documento/Ítem | .F67 T47 |
| -- | 1956 |
| 100 1# - ENTRADA PRINCIPAL--NOMBRE DE PERSONA | |
| Nombre de persona | Terrase, Charles |
| 9 (RLIN) | 12893 |
| 245 10 - MENCIÓN DE TÍTULO | |
| Título | Fontainebleau |
| Mención de responsabilidad, etc. | Charles Terrase. |
| 260 ## - PUBLICACIÓN, DISTRIBUCIÓN, ETC. | |
| Lugar de publicación, distribución, etc. | París |
| Nombre del editor, distribuidor, etc. | Alpina |
| Fecha de publicación, distribución, etc. | c1956 |
| 300 ## - DESCRIPCIÓN FÍSICA | |
| Extensión | 62 p. |
| Otras características físicas | il., fotografías |
| Dimensiones | 18 cm. |
| 500 ## - NOTA GENERAL | |
| Nota general | Incluye lista de fotografías |
| 500 ## - NOTA GENERAL | |
| Nota general | K171 |
| 651 #4 - PUNTO DE ACCESO ADICIONAL DE MATERIA--NOMBRE GEOGRÁFICO | |
| Nombre geográfico | Fontainebleau, Francia |
| Subdivisión general | Descripción y viajes |
| 9 (RLIN) | 15841 |
| 651 #4 - PUNTO DE ACCESO ADICIONAL DE MATERIA--NOMBRE GEOGRÁFICO | |
| Nombre geográfico | Francia |
| Subdivisión general | Descripción y viajes |
| 9 (RLIN) | 12896 |
| 902 ## - CATALOGADOR | |
| Iniciales | GFM |
| 942 ## - ELEMENTOS DE PUNTO DE ACCESO ADICIONAL (KOHA) | |
| Fuente del sistema de clasificación o colocación | Library of Congress Classification |
| Tipo de ítem Koha | Libros |
| Estado de retiro | Estado de pérdida | Estado dañado | No para préstamo | Localización permanente | Ubicación/localización actual | Fecha de adquisición | Número de inventario | Total de préstamos | Signatura topográfica completa | Código de barras | Fecha visto por última vez | Precio válido a partir de | Tipo de ítem Koha |
|---|---|---|---|---|---|---|---|---|---|---|---|---|---|
| El ejemplar forma parte de la colección y puede ser consultado según las políticas vigentes. | Biblioteca del Museo Franz Mayer (Rogerio Casas-Alatriste) | Biblioteca del Museo Franz Mayer (Rogerio Casas-Alatriste) | 08/08/2011 | K171 | DC801 .F67 T47 1956 (K171) | 6753 | 22/03/2019 | 22/03/2019 | Libros |